Statistiken für NRW Regierungsbezirke (mit Hinweis)

Klicken Sie hier um das Quiz zu spielen!

Allgemein

  • Dieses Quiz wurde 266 mal gespielt
  • Das Durchschnittsergebnis liegt bei 3 aus 5

Antwortstatistiken

RegionRegierungsbezirk% Korrekt
NordwestfalenMünster
85%
Rhein-Wupper/ RuhrgebietDüsseldorf
76%
Aachen/ MittelrheinKöln
71%
SüdwestfalenArnsberg
49%
OstwestfalenDetmold
47%

Verteilung der Resultate

Perzentil nach korrekt beantworteten Fragen

Anzahl Personen mit jedem Resultat

Ihre Resultats-Entwicklung

Sie haben dieses Quiz noch nicht gespielt